Terminaisons de pays - Statistiques

Statistiques générales
  • Ce quiz a été pris 1 451 fois
    1 305 depuis la dernière actualisation
  • Le résultat moyen est 18 sur 46
Statistiques - réponses
% Correct
Wi Malawi
80%
We Zimbabwe
65%
Ud Corée du Sud
62%
Da Canada
60%
Ud Soudan du Sud
58%
Ud Afrique du Sud
57%
Que Mexique
57%
Que Mozambique
57%
De Irlande
54%
De Islande
54%
La Angola
52%
De Finlande
52%
Ti Kiribati
52%
In Benin
48%
Que Belgique
47%
Da Ouganda
47%
Que Dominique
44%
De Inde
44%
As Bahamas
43%
La Guatemala
43%
As Honduras
43%
Es Comores
40%
Que Jamaique
40%
Da Rwanda
40%
De Suéde
40%
La Venezuela
36%
De Barbade
35%
Es Seychelles
34%
De Thailande
34%
Es Maldives
33%
Ti Haïti
32%
Ti Djibouti
30%
De Nouvelle-Zélande
30%
Es Philippines
30%
De Grenade
29%
Es Saint-Christophe-et-Niévès
29%
Es Saint-Vincent-et-les Grenadines
28%
In Bahrein
25%
In Saint-Marin
25%
As Pays-Bas
24%
Da Antigua-et-Barbuda
22%
Que Republiqué Tchèque
22%
Re Andorre
20%
In Liechtenstein
19%
Re Chypre
14%
Re Côte d'Ivoire
11%
Aucun quiz correspondant
Distribution des résultats
% des personnes avec chaque résultat
Percentile par nombre de réponses
Votre historique - résultats
Vous n’avez pas pris ce quiz depuis la dernière actualisation